[Event "Follo op"]
[Site "Follo"]
[Date "2014.10.16"]
[Round "5"]
[White "Moberg, Jan Rune"]
[Black "Hova, Frode"]
[Result "0-1"]
[WhiteElo "1516"]
[BlackElo "1515"]
[PlyCount "89"]
[EventDate "2014.09.04"]
[EventType "swiss"]
[EventRounds "9"]
[EventCountry "NOR"]
[SourceTitle "EXT 2017"]
[Source "ChessBase"]
[SourceDate "2016.10.25"]
[SourceVersion "1"]
[SourceVersionDate "2016.10.25"]
[SourceQuality "1"]

1. d4 Nf6 2. c4 g6 3. Bg5 Bg7 4. Nc3 c6 5. e4 d6 6. Nge2 0-0 7. Ng3 Qa5 8. Bd2 Qb6 9. Bc1 Nbd7 10. Be2 e5 11. d5 cxd5 12. cxd5 Nc5 13. Rb1 Nfxe4 14. Ncxe4 Nxe4 15. Nxe4 Bf5 16. Qd3 Qb4+ 17. Bd2 Qxe4 18. Qxe4 Bxe4 19. Rd1 Bxg2 20. Rg1 Bxd5 21. b3 Bc6 22. Bb4 Rfd8 23. Bxd6 Rd7 24. Rg5 h6 25. Rg3 Rad8 26. Bc5 Rxd1+ 27. Bxd1 b6 28. Bb4 e4 29. Bc3 Rd3 30. Bxg7 Rxg3 31. hxg3 Kxg7 32. Ke2 Kf6 33. Ke3 Ke5 34. Be2 g5 35. g4 Bd7 36. Bd1 f5 37. gxf5 Bxf5 38. Bh5 Bh3 39. Bg6 Bg2 40. Bh5 Bf3 41. Bxf3 exf3 42. Kxf3 h5 43. Kg3 Ke4 44. f3+ Ke3 45. Kg2 0-1

[Event "Follo op"]
[Site "Follo"]
[Date "2014.10.02"]
[Round "3"]
[White "Hova, Frode"]
[Black "Petersen, Rune J"]
[Result "1-0"]
[WhiteElo "1515"]
[BlackElo "845"]
[PlyCount "73"]
[EventDate "2014.09.04"]
[EventType "swiss"]
[EventRounds "9"]
[EventCountry "NOR"]
[SourceTitle "EXT 2017"]
[Source "ChessBase"]
[SourceDate "2016.10.25"]
[SourceVersion "1"]
[SourceVersionDate "2016.10.25"]
[SourceQuality "1"]

1. d4 e6 2. c4 c6 3. Nc3 Bb4 4. a3 Bxc3+ 5. bxc3 Nf6 6. Bg5 0-0 7. e3 d6 8. Bd3 Nbd7 9. Ne2 c5 10. 0-0 b6 11. e4 e5 12. f4 Qc7 13. Qe1 Bb7 14. fxe5 dxe5 15. d5 Nh5 16. Qh4 Nf4 17. Nxf4 exf4 18. e5 g6 19. Bxf4 Nxe5 20. Qf6 Rae8 21. Bh6 Nf3+ 22. Rxf3 Qe5 23. Qxe5 Rxe5 24. Bxf8 Kxf8 25. Kf2 f5 26. Re1 Rxe1 27. Kxe1 Kf7 28. Kf2 Kf6 29. g4 Bc8 30. gxf5 gxf5 31. Rh3 Kg6 32. Rg3+ Kf7 33. Kf3 h6 34. Kf4 Kf6 35. Rg8 Bb7 36. Bxf5 a6 37. Rb8 1-0

[Event "NOR-ch Class2"]
[Site "Lillehammer"]
[Date "2013.06.29"]
[Round "3"]
[White "Fredriksen, Olav"]
[Black "Hova, Frode"]
[Result "0-1"]
[WhiteElo "1507"]
[BlackElo "1571"]
[PlyCount "64"]
[EventDate "2013.06.29"]
[EventType "swiss"]
[EventRounds "9"]
[EventCountry "NOR"]
[SourceTitle "EXT 2017"]
[Source "ChessBase"]
[SourceDate "2016.10.25"]
[SourceVersion "1"]
[SourceVersionDate "2016.10.25"]
[SourceQuality "1"]

1. d4 Nf6 2. Nf3 g6 3. Bf4 Bg7 4. e3 d6 5. Be2 0-0 6. c3 Nbd7 7. 0-0 b6 8. Nbd2 Bb7 9. Bg3 c5 10. Rc1 Ne4 11. Nxe4 Bxe4 12. Ng5 Bb7 13. d5 Nf6 14. Bf3 c4 15. h4 h6 16. Nh3 Qd7 17. Re1 Qb5 18. a4 Qxb2 19. e4 Nd7 20. Re2 Qa3 21. Bf4 Nc5 22. Ra1 Qxc3 23. e5 dxe5 24. Rc1 Qb3 25. Bxe5 Bxe5 26. Rxe5 Nd3 27. Re3 Qxd1+ 28. Rxd1 Rfe8 29. Kf1 Rad8 30. d6 Bxf3 31. dxe7 Bxd1 32. exd8Q Rxd8 0-1

[Event "As Follo CC-ch"]
[Site "As"]
[Date "2013.04.25"]
[Round "9"]
[White "Lea, Per"]
[Black "Hova, Frode"]
[Result "1-0"]
[WhiteElo "1666"]
[BlackElo "1595"]
[PlyCount "69"]
[EventDate "2013.01.17"]
[EventType "swiss"]
[EventRounds "9"]
[EventCountry "NOR"]
[SourceTitle "EXT 2024"]
[Source "ChessBase"]
[SourceDate "2023.10.10"]
[SourceVersion "1"]
[SourceVersionDate "2023.10.10"]
[SourceQuality "1"]

1. e4 d6 2. d4 Nf6 3. Nc3 g6 4. Nf3 Bg7 5. Bc4 0-0 6. 0-0 Nc6 7. h3 Nxe4 8. Bxf7+ Rxf7 9. Nxe4 Qf8 10. Nfg5 Rf5 11. Ng3 Rd5 12. c3 e5 13. Qb3 Ne7 14. dxe5 Bxe5 15. f4 Bf6 16. f5 Kg7 17. fxg6 hxg6 18. N5e4 Bf5 19. Nxf5+ Rxf5 20. Rxf5 Nxf5 21. Nxf6 Qxf6 22. Qxb7 Re8 23. Bd2 Ng3 24. Qxc7+ Re7 25. Qa5 Ne2+ 26. Kh2 Qf2 27. Qg5 Re5 28. Qh6+ Kf7 29. Qh7+ Ke6 30. Qxg6+ Kd7 31. Qg4+ Kc7 32. Qf3 Qh4 33. Be3 Qe7 34. Bf2 Nf4 35. Qxf4 1-0

[Event "As CC-ch A"]
[Site "As"]
[Date "2012.01.26"]
[Round "2"]
[White "Hova, Frode"]
[Black "Lea, Per"]
[Result "0-1"]
[WhiteElo "1573"]
[BlackElo "1669"]
[PlyCount "72"]
[EventDate "2012.01.19"]
[EventType "tourn"]
[EventRounds "9"]
[EventCountry "NOR"]
[SourceTitle "EXT 2024"]
[Source "ChessBase"]
[SourceDate "2023.10.10"]
[SourceVersion "1"]
[SourceVersionDate "2023.10.10"]
[SourceQuality "1"]

1. d4 d5 2. c4 e6 3. Nc3 Nf6 4. Bg5 Be7 5. e3 c6 6. Qf3 Nbd7 7. h4 Qa5 8. Nh3 Ne4 9. Bxe7 Kxe7 10. Ng5 Ndf6 11. Rc1 Nxc3 12. bxc3 Qxa2 13. Bd3 h6 14. Nh3 dxc4 15. Bb1 Qa5 16. 0-0 Rd8 17. g4 g5 18. hxg5 hxg5 19. e4 e5 20. Nxg5 Bxg4 21. Qg3 Rg8 22. dxe5 Rxg5 23. exf6+ Kxf6 24. f4 Rg7 25. Qh4+ Ke6 26. f5+ Kd7 27. Kh1 Qe5 28. Rf2 Rag8 29. Qh6 Rg5 30. Rh2 Bf3+ 31. Rg2 Bxg2+ 32. Kg1 Bxe4+ 33. Kf2 Rxf5+ 34. Ke3 Bxb1+ 35. Kd2 Rf2+ 36. Kd1 Rg1# 0-1

[Event "Stjernen Autumn"]
[Site "Oslo"]
[Date "2011.08.30"]
[Round "1"]
[White "Hova, Frode"]
[Black "Svanholm, Borge Waaktaar"]
[Result "0-1"]
[WhiteElo "1548"]
[BlackElo "1811"]
[PlyCount "100"]
[EventDate "2011.08.30"]
[EventType "swiss"]
[EventRounds "9"]
[EventCountry "NOR"]
[SourceTitle "EXT 2024"]
[Source "ChessBase"]
[SourceDate "2023.10.10"]
[SourceVersion "1"]
[SourceVersionDate "2023.10.10"]
[SourceQuality "1"]

1. d4 Nf6 2. c4 g6 3. Nc3 Bg7 4. e4 d6 5. Nf3 0-0 6. Be2 e5 7. Be3 Ng4 8. Bg5 f6 9. Bc1 Nc6 10. h3 Nh6 11. d5 Ne7 12. b4 f5 13. Ng5 a5 14. bxa5 Rxa5 15. Bd2 Ra8 16. Ne6 Bxe6 17. dxe6 Kh8 18. Bg5 Nhg8 19. exf5 gxf5 20. Nd5 c6 21. Nxe7 Nxe7 22. 0-0 Qc7 23. Qd2 Bf6 24. Rfd1 Rad8 25. Bh5 Ng6 26. Bxf6+ Rxf6 27. Qg5 Qe7 28. Bxg6 hxg6 29. Rab1 Rxe6 30. Qh6+ Kg8 31. Rb3 Rd7 32. Rg3 Qg7 33. Qg5 Qf6 34. Qd2 d5 35. Qa5 d4 36. Qa8+ Kg7 37. h4 Qxh4 38. Rh3 Qd8 39. Qa3 Re8 40. Qg3 Qf6 41. Qh2 Kg8 42. Rh6 Ree7 43. Qg3 Rg7 44. Re1 Rde7 45. Qa3 Rh7 46. Qh3 Rxh6 47. Qxh6 Rh7 48. Qd2 e4 49. Rd1 d3 50. f3 Qd4+ 0-1

[Event "Stjernen CC-ch"]
[Site "Oslo"]
[Date "2011.02.15"]
[Round "2"]
[White "Hova, Frode"]
[Black "Vestli, Hakon Bjorge"]
[Result "0-1"]
[WhiteElo "1554"]
[BlackElo "1530"]
[PlyCount "92"]
[EventDate "2011.02.08"]
[EventType "swiss"]
[EventRounds "9"]
[EventCountry "NOR"]
[SourceTitle "EXT 2024"]
[Source "ChessBase"]
[SourceDate "2023.10.10"]
[SourceVersion "1"]
[SourceVersionDate "2023.10.10"]
[SourceQuality "1"]

1. d4 d5 2. c4 e6 3. Nf3 Nf6 4. Nc3 h6 5. g3 Bb4 6. Bg2 0-0 7. 0-0 c5 8. cxd5 cxd4 9. Qxd4 Bxc3 10. Qxc3 Nxd5 11. Qb3 Qe7 12. Ne5 Nb6 13. Be3 N8d7 14. Nxd7 Nxd7 15. Rac1 Rd8 16. Rfd1 Nf6 17. Rxd8+ Qxd8 18. Rd1 Qc7 19. Bf4 e5 20. Be3 Be6 21. Qxb7 Qxb7 22. Bxb7 Rb8 23. Bg2 Bxa2 24. Bxa7 Rxb2 25. Bf1 Bc4 26. Re1 g5 27. h3 Ne4 28. e3 Bxf1 29. Rxf1 f5 30. Kg2 h5 31. Kg1 Kf7 32. Rc1 Nxf2 33. h4 gxh4 34. gxh4 Ng4 35. Rc7+ Ke6 36. Rh7 Nf6 37. Rg7 Ne4 38. Rh7 Kd5 39. Rxh5 Rb7 40. Bd4 Rg7+ 41. Kh2 Ng3 42. Bxe5 Nf1+ 43. Kh3 Kxe5 44. Rg5 Rxg5 45. hxg5 Nxe3 46. Kg3 Nd5 0-1

[Event "Stjernen Autumn"]
[Site "Oslo"]
[Date "2010.11.02"]
[Round "7"]
[White "Hova, Frode"]
[Black "Jenssveen, Trym"]
[Result "0-1"]
[WhiteElo "1578"]
[BlackElo "1687"]
[PlyCount "55"]
[EventDate "2010.09.07"]
[EventType "swiss"]
[EventRounds "9"]
[EventCountry "NOR"]
[SourceTitle "EXT 2024"]
[Source "ChessBase"]
[SourceDate "2023.10.10"]
[SourceVersion "1"]
[SourceVersionDate "2023.10.10"]
[SourceQuality "1"]

1. d4 d5 2. c4 e6 3. Nf3 Be7 4. g3 Nf6 5. Bg2 0-0 6. 0-0 Nbd7 7. b3 c6 8. Bb2 Re8 9. Nbd2 Nf8 10. Qc2 Ng6 11. e4 Nxe4 12. Nxe4 dxe4 13. Qxe4 Bf6 14. h4 c5 15. h5 Nf8 16. Rad1 Qc7 17. Ne5 cxd4 18. Bxd4 Rd8 19. Ng4 Bxd4 20. Rxd4 f5 21. Nh6+ gxh6 22. Qe3 Rxd4 23. Qxd4 Bd7 24. Qf6 Bc6 25. Bxc6 bxc6 26. Qxh6 Qb7 27. Qf4 c5 28. Re1 0-1

[Event "Oslo ASKO Pinseturnering-A"]
[Site "Oslo"]
[Date "2009.05.30"]
[Round "6"]
[White "Hova, Frode"]
[Black "Olsen, Andrei"]
[Result "1-0"]
[WhiteElo "1505"]
[BlackElo "1646"]
[PlyCount "65"]
[EventDate "2009.05.30"]
[EventType "swiss"]
[EventRounds "6"]
[EventCountry "NOR"]
[SourceTitle "EXT 2011"]
[Source "ChessBase"]
[SourceDate "2010.11.26"]
[SourceVersion "1"]
[SourceVersionDate "2010.11.26"]
[SourceQuality "1"]

1. d4 d5 2. c4 c6 3. Nf3 Nf6 4. Nc3 e6 5. e3 Nbd7 6. Bd3 dxc4 7. Bxc4 b5 8. Bd3 a6 9. 0-0 Bd6 10. a3 Bb7 11. Qe2 0-0 12. Rd1 Qb8 13. h3 c5 14. e4 cxd4 15. Nxd4 Rc8 16. Bg5 Bc5 17. Nf3 e5 18. Nd5 Ne8 19. Nh4 Nc7 20. Qg4 Ne6 21. Nf5 Re8 22. Rac1 Qa7 23. Rc2 Ndf8 24. b4 Bb6 25. Nxb6 Qxb6 26. Be3 Qd8 27. Bxb5 Qf6 28. Bxe8 Rxe8 29. Nd6 Rb8 30. Nxb7 Rxb7 31. Qe2 Nc7 32. Qd3 Nfe6 33. Qd7 1-0

[Event "NOR-ch qual-B"]
[Site "Oslo"]
[Date "2007.04.04"]
[Round "6"]
[White "Ali, Karim"]
[Black "Hova, Frode"]
[Result "1-0"]
[WhiteElo "1540"]
[BlackElo "1591"]
[PlyCount "47"]
[EventDate "2007.04.01"]
[EventType "swiss"]
[EventRounds "7"]
[EventCountry "NOR"]
[SourceTitle "EXT 2008"]
[Source "ChessBase"]
[SourceDate "2007.11.25"]
[SourceVersion "1"]
[SourceVersionDate "2007.11.25"]
[SourceQuality "1"]

1. e4 c5 2. Nf3 d6 3. Bc4 e6 4. d4 cxd4 5. Nxd4 Nf6 6. Nc3 Nc6 7. Nxc6 bxc6 8. e5 Nd5 9. exd6 Bxd6 10. Ne4 Be7 11. 0-0 0-0 12. Qh5 Nf6 13. Nxf6+ Bxf6 14. Rb1 Bb7 15. b3 Qb6 16. Be3 Bd4 17. Bxd4 Qxd4 18. Rfd1 Qf6 19. Rd7 Bc8 20. Rc7 Qf4 21. Rxc6 Bb7 22. Rc5 Qe4 23. Qh3 Qxc2 24. Bd3 1-0

[Event "NOR-ch qual-B"]
[Site "Oslo"]
[Date "2007.04.02"]
[Round "3"]
[White "Hova, Frode"]
[Black "Loberg, Jo Kristian"]
[Result "1/2-1/2"]
[WhiteElo "1591"]
[BlackElo "1296"]
[PlyCount "70"]
[EventDate "2007.04.01"]
[EventType "swiss"]
[EventRounds "7"]
[EventCountry "NOR"]
[SourceTitle "EXT 2008"]
[Source "ChessBase"]
[SourceDate "2007.11.25"]
[SourceVersion "1"]
[SourceVersionDate "2007.11.25"]
[SourceQuality "1"]

1. d4 d5 2. c4 c6 3. Nc3 Nf6 4. Nf3 dxc4 5. a4 Bf5 6. e3 e6 7. Bxc4 Bb4 8. 0-0 0-0 9. h3 Nbd7 10. Nh4 Bg6 11. Nxg6 hxg6 12. Ne2 Nb6 13. Bd3 c5 14. dxc5 Bxc5 15. b3 Nbd5 16. Bb2 Bxe3 17. Ba3 Re8 18. Bb5 Nd7 19. Bxd7 Qxd7 20. fxe3 Red8 21. Qd4 b5 22. Bb2 f6 23. Rad1 Qb7 24. Qe4 bxa4 25. Qxe6+ Kh7 26. Rd4 g5 27. h4 Qxb3 28. hxg5 Qxe3+ 29. Qxe3 Nxe3 30. Rxd8 Rxd8 31. Rf3 Nc4 32. Ba3 Rd2 33. gxf6 gxf6 34. Nf4 Ra2 35. Be7 Ne5 1/2-1/2

[Event "NOR-ch qual-B"]
[Site "Oslo"]
[Date "2007.04.02"]
[Round "2"]
[White "Knutsen, Henning Ardent"]
[Black "Hova, Frode"]
[Result "1-0"]
[WhiteElo "1267"]
[BlackElo "1591"]
[PlyCount "109"]
[EventDate "2007.04.01"]
[EventType "swiss"]
[EventRounds "7"]
[EventCountry "NOR"]
[SourceTitle "EXT 2008"]
[Source "ChessBase"]
[SourceDate "2007.11.25"]
[SourceVersion "1"]
[SourceVersionDate "2007.11.25"]
[SourceQuality "1"]

1. Nf3 Nf6 2. d4 g6 3. g3 Bg7 4. Bg2 0-0 5. 0-0 d5 6. b3 Nbd7 7. Bb2 Nb6 8. Na3 c6 9. c4 dxc4 10. bxc4 Be6 11. c5 Nc4 12. Nxc4 Bxc4 13. Re1 Bd5 14. e3 Ne4 15. a4 Nxc5 16. dxc5 Bxb2 17. Rb1 Bc3 18. Re2 Bc4 19. Qxd8 Rfxd8 20. Rc2 Bd3 21. Rxc3 Bxb1 22. Rb3 Rd1+ 23. Bf1 Bd3 24. Rxd3 Rxd3 25. Bxd3 b6 26. Ne5 bxc5 27. Nxc6 Kf8 28. Be4 c4 29. Kf1 e6 30. Ke2 Ke8 31. Kd2 c3+ 32. Kxc3 Rc8 33. Kd2 Rc7 34. a5 Kd7 35. Ne5+ Kd6 36. Nd3 Rc4 37. Bb7 f6 38. a6 g5 39. Nb2 Rc5 40. Na4 Ra5 41. Nc3 f5 42. Kd3 Rc5 43. e4 Ra5 44. Kc4 Kc7 45. f3 h5 46. Nb5+ Kb6 47. Nc3 h4 48. exf5 Rxf5 49. g4 Rf4+ 50. Kd3 Rb4 51. Ne4 Rb3+ 52. Ke2 Rb2+ 53. Nd2 Kc7 54. Ke1 Kb6 55. Nc4+ 1-0